000 00863cam a2200229 4500
001 WB3730-07
008 010802n2001 000 0 eng u
035 _a(Sirsi) u113904
245 _aSoaring supply/falling demand hits offices
260 _c2001
490 _aProperty Week
_v66(30) 27 July 2001, 16(1)
520 _aResearch by Morgan Stanley into the European office market shows that supply in increasing while demand is falling. The decline is expected to continue as a result of the slowdown in economic growth.
590 _aWB
650 _aPROPERTY-COMMERCIAL PROPERTY-OFFICE PROPERTY-OFFICE PROPERTY MARKET
650 _aOFFICE MARKET SURVEY
650 _aOFFICE SUPPLY
650 _aOFFICE DEMAND
650 _aEUROPE
650 _aEUROPEAN PROPERTY
690 _aPROPERTY-COMMERCIAL PROPERTY-COMMERCIAL PROPERTY MARKET
942 _n0
999 _c67868
_d67868